French - English, English - French Dictonary (Record no. 1116126)

MARC details
000 -LEADER
fixed length control field 00717nam a2200241Ia 4500
003 - CONTROL NUMBER IDENTIFIER
control field OSt
005 - DATE AND TIME OF LATEST TRANSACTION
control field 20221006164048.0
008 - FIXED-LENGTH DATA ELEMENTS--GENERAL INFORMATION
fixed length control field 221006b |||||||| |||| 00| 0 eng d
037 ## - SOURCE OF ACQUISITION
Terms of availability Textual
040 ## - CATALOGING SOURCE
Original cataloging agency FML
Transcribing agency FML
Language of cataloging eng
041 ## - LANGUAGE CODE
Source of code eng
Language code of text/sound track or separate title eng
100 ## - MAIN ENTRY--PERSONAL NAME
Personal name Atkins Beryl T. Ed.
9 (RLIN) 676528
245 #0 - TITLE STATEMENT
Title French - English, English - French Dictonary
260 ## - PUBLICATION, DISTRIBUTION, ETC.
Place of publication, distribution, etc. London
Name of publisher, distributor, etc. Collins Publication India
Date of publication, distribution, etc. 1985
300 ## - PHYSICAL DESCRIPTION
Extent 781 + 717
Dimensions cm.
700 ## - ADDED ENTRY--PERSONAL NAME
Personal name Cousin Pierre Henri Au.
9 (RLIN) 676529
942 ## - ADDED ENTRY ELEMENTS (KOHA)
Classification part P122:uk, 111M5
Koha item type Textual
Source of classification or shelving scheme Colon Classification (CC)
Holdings
Withdrawn status Lost status Source of classification or shelving scheme Damaged status Not for loan Home library Current library Date acquired Total Checkouts Full call number Barcode Date last seen Price effective from Koha item type
    Colon Classification (CC)     Department of Music Library Department of Music Library 2022-10-06   P122:uk 111M5 MU0008138 2022-10-06 2022-10-06 Textual
Copyright @ Delhi University Library System